UBT Library

Civil procedure : (Record no. 43406)

000 -LEADER
fixed length control field 00730cam a2200253 a 4500
001 - CONTROL NUMBER
control field 16858223
005 - DATE AND TIME OF LATEST TRANSACTION
control field 20180226035224.0
008 - FIXED-LENGTH DATA ELEMENTS--GENERAL INFORMATION
fixed length control field 110706s2011 mnub 001 0 eng
010 ## - LIBRARY OF CONGRESS CONTROL NUMBER
LC control number 2011290013
020 ## - INTERNATIONAL STANDARD BOOK NUMBER
International Standard Book Number 9780314908643 (hbk.)
020 ## - INTERNATIONAL STANDARD BOOK NUMBER
International Standard Book Number 9780314274298 (pbk. ; teacher's manual)
040 ## - CATALOGING SOURCE
Original cataloging agency DLC
Transcribing agency DLC
041 ## - LANGUAGE CODE
Language code of text/sound track or separate title eng
042 ## - AUTHENTICATION CODE
Authentication code pcc
043 ## - GEOGRAPHIC AREA CODE
Geographic area code n-us---
080 ## - UNIVERSAL DECIMAL CLASSIFICATION NUMBER
Universal Decimal Classification number 34 BEN
082 ## - DEWEY DECIMAL CLASSIFICATION NUMBER
Edition number 34 BEN
100 1# - Rafti
Rafti 14
101 ## - Shkurtesa
Shkurtesa JUR
245 10 - TITLE STATEMENT
Title Civil procedure :
Statement of responsibility, etc by A. Benjamin Spencer.
906 ## - LOCAL DATA ELEMENT F, LDF (RLIN)
a 7
b cbc
c origcop
d 2
e ncip
f 20
g y-gencatlg
942 ## - ADDED ENTRY ELEMENTS (KOHA)
Source of classification or shelving scheme
Item type Books
Holdings
Withdrawn status Lost status Source of classification or shelving scheme Damaged status Not for loan Collection code Permanent location Current location Shelving location Date acquired Total Checkouts Full call number Barcode Date last seen Price effective from Koha item type
          Koleksioni i përgjithshem UBT - Lipjan UBT - Lipjan Koleksioni i përgjithshem 02/26/2018   34 BEN 002-3000005 02/26/2018 02/26/2018 Books
UBT Library © 2015-2024. All rights reserved University Education for Business and Technology